El globo azul /

Un globo azul puede aparecer en cualquier momento y seguirte a donde vayas. Luisa lo encuentra en la vereda de su casa un día cualquiera, sin imaginarse que el amor aparecerá justito detrás de él...

Guardado en:
Autor Principal: Rossi, Julia
Otros Autores: Cuello, Jorge; il
Formato: Libro
Publicado: Córdoba : Comunic-arte, 2013
Edición:3a. ed.
Series:Bicho Bolita / Carolina Rossi
Materias:
Etiquetas: Agregar Etiqueta
Sin Etiquetas, Sea el primero en etiquetar este registro!
LEADER 01210nam a22002895a 4500
001 CEM.cems015034
008 130507s2013##################000#0#####d
005 20250326140708.0
245 1 0 |a El globo azul /  |c Julia Rossi ; ilustrado Por Jorge Cuello 
250 |a 3a. ed. 
260 |a Córdoba :  |b Comunic-arte,  |c 2013 
300 |a 28 p. 
490 0 |a Bicho Bolita / Carolina Rossi 
520 |a Un globo azul puede aparecer en cualquier momento y seguirte a donde vayas. Luisa lo encuentra en la vereda de su casa un día cualquiera, sin imaginarse que el amor aparecerá justito detrás de él... 
020 |a 9789876022439 
100 1 |a Rossi, Julia 
700 1 |a Cuello, Jorge; il 
082 0 4 |a A868.4 
653 |a Literatura 
653 |a Literatura argentina 
653 |a Literatura infantil 
653 |a Cuentos infantiles 
653 |a Colección ciencias de la educación 
859 |a CEMS  |b BIB. CEMS - Ccias. Educacion  |h A868.4  |i R735  |k CE  |p 27944.19  |t Ej.1 
859 |a CEMS  |b BIB. CEMS - Inicial y Primaria  |h A868.4  |i R735  |k IP  |p 4342  |t Ej.1 
859 |a CEMS  |b BIB. CEMS - Ccias. Educacion  |h A868.4  |i R735  |k CE  |p 28661.19  |t Ej.2 
859 |a CEMS  |b BIB. CEMS - Ccias. Educacion  |h A868.4  |i R735  |k CE  |p 28662.19  |t Ej.3